Gaming Quiz

Random Gaming or Mario Quiz

Sorting Blitz: Mario, Final Fantasy, Legend of Zelda Quiz Stats

 Plays Quiz not verified by Sporcle

Support Sporcle.
Go Orange.
Score 0/21 Timer 01:30
5 Plays Today
% Correct
???
77.5%
???
61.9%
???
59.5%
???
58.2%
???
56.1%
???
55.1%
???
54.5%
???
52%
???
51.8%
???
49.2%
???
48.5%
% Correct
???
47.6%
???
47.4%
???
46.2%
???
46%
???
45.3%
???
41.6%
???
39.9%
???
38.3%
???
37.3%
???
33.9%

You're not logged in!

Compare scores with friends on all Sporcle quizzes.
OR
Log In

From the Vault

Click the Animated Characters A-Z

by ceciliacarlid

What happens when you click them? Why not find out?
Remove Ads.
Support Sporcle.
Get the best of Sporcle when you Go Orange. This ad-free experience offers more features, more stats, and more fun while also helping to support Sporcle. Thank you for becoming a member.

Show Comments

Extras

Top Quizzes Today


Score Distribution

Your Account Isn't Verified!

In order to create a playlist on Sporcle, you need to verify the email address you used during registration. Go to your Sporcle Settings to finish the process.

Report this User

Report this user for behavior that violates our Community Guidelines.

Details: